Statistics for Languages spoken in the Austro-Hungarian Empire (1913)

Click here to take the quiz!

General Stats

  • This quiz has been taken 401 times
  • The average score is 11 of 14

Answer Stats

Answer% Correct
Austrian
100%
Hungarian
97%
Serbian
94%
Slovak
94%
Croatian
93%
Czech
91%
Romani
91%
Polish
88%
Italian
87%
Ukrainian
74%
Romanian
72%
Slovene
67%
Yiddish
31%
Rusyn
21%

Score Distribution

Percentile by Number Answered

Percent of People with Each Score

Your Score History

You have not taken this quiz